| 000 | 00550nam a22001817a 4500 | ||
|---|---|---|---|
| 999 |
_c187784 _d187784 |
||
| 005 | 20220429103836.0 | ||
| 010 | _aENG-132468 | ||
| 020 |
_a9789387225138 _c895.00 |
||
| 035 | _aEN-116000 | ||
| 037 | _bDBAD/PUB | ||
| 082 | _a934.07092 | ||
| 100 | _aChand, Jina | ||
| 245 |
_aHarsh Vardhan The Maharaja/ _cJina Chand |
||
| 260 |
_aUttar Pradesh _bSunjoy Publisher _c2018 |
||
| 270 |
_aB-51, Kamla Nagar, Agra _bUttar Pradesh _e282005 _msunjoypublisher@gmail.com |
||
| 300 |
_a248p. _c22cm(hbk) |
||
| 942 |
_cEN _2ddc _h934.07092 _mCHA |
||